| 000 | 00571nam a2200181Ia 4500 | ||
|---|---|---|---|
| 003 | GCL | ||
| 008 | 140319s9999 xx 000 0 ara d | ||
| 040 |
_aGCL / _cGCL |
||
| 082 | 0 | 4 |
_a709.1 _bج ش |
| 100 | 1 | _aجورج عيسى | |
| 245 | 1 | 0 |
_aشيخ المصورين العرب : يحيى بن محمود الواسطى / _cجورج عيسى |
| 300 | _a112 ص | ||
| 490 |
_aاعلام الفن التشكيلى _v0 |
||
| 650 | 0 | 4 | _aفن الواسطى |
| 650 | 0 | 4 | _aالفنانون - تراجم |
| 650 | 0 | 4 | _aيحيى بن محمود الواسطى |
| 942 |
_2ddc _cBK |
||
| 999 |
_c48922 _d48922 |
||